000 00838nam a2200229 a 4500
001 BRCA_8394
005 20190321142937.0
008 200115s2007----u--a######---#000-0#eng-#
020 _a9781883502140
041 _aeng
044 _au
050 4 _b.Z47 2007
245 1 0 _aZeshin
_bthe Catherine and Thomas Edson collection
_cintroduction Joe Earle ; catalogue Sebastian Izzard.
260 _aSan Antonio, Texas
_bSan Antonio Museum of Art
_c2007
300 _a153 p.
_bil. a color
_c28 cm.
500 _aIncluye glosario
500 _aCatálogo de la exposición realizada en San Antonio Museum of Art, 17 febrero - 6 mayo, 2007 y en The Minneapolis Institute of Art, 13 octubre, 2007 - 6 enero, 2008
504 _aBibliografía: p. 152-153
700 1 _aEarle, Joe
_921019
700 1 _aIzzard, Sebastian
_921020
942 _2lcc
_cB
999 _c8062
_d8062